Unternehmensverfassung und Mitbestimmung in Europa

Gespeichert in:
Bibliographische Detailangaben
Weitere Verfasser: Gester, Heinz, Koubek, Norbert, Wiedemeyer, Gerd R.
Format: Buch
Sprache:Deutsch
Veröffentlicht: Wiesbaden Gabler 1991
Ausgabe:1. Aufl.
Schlagworte:
Tags: Tag hinzufügen
Keine Tags, Fügen Sie das erste Tag hinzu!

MARC

LEADER 00000nam a2200000 4500
001 c000070
005 20221214102249.9
020 |a 3-409-13850-1 
041 0 |a ger 
044 |a DE 
245 1 0 |a Unternehmensverfassung und Mitbestimmung in Europa  |c Edit. Heinz Gester, Norbert Koubek, Gerd R. Wiedemeyer 
250 |a 1. Aufl. 
264 1 |a Wiesbaden  |b Gabler  |c 1991 
300 |a 243 s. 
610 2 0 |a štatúty 
610 2 0 |a spolurozhodovanie 
610 2 0 |a právo hospodárske 
610 2 0 |a Európske spoločenstvá 
610 2 0 |a zamestnanci 
610 2 0 |a odbory 
610 2 0 |a práca personálna 
700 1 |a Gester, Heinz 
700 1 |a Koubek, Norbert 
700 1 |a Wiedemeyer, Gerd R.